| 000 | 02155nam a22002057a 4500 | ||
|---|---|---|---|
| 003 | 0 | ||
| 005 | 20241028095410.0 | ||
| 008 | 241028b xxu||||| |||| 00| 0 eng d | ||
| 020 | _a9781032189116 | ||
| 050 |
_aTK 659 _b.K65 2024 |
||
| 100 |
_aKnight, Martine Hamilton, _eauthor. |
||
| 245 |
_aPhotography for architects : _beffective use of images in your architectural practice / _cMartine Hamilton Knight. |
||
| 260 |
_aNew York, NY : _bRoutledge, _c2024. |
||
| 300 |
_axvi, 452 p. : _bcol. ill. ; _c29 cm. |
||
| 504 | _aIncludes bibliographical references and index. | ||
| 520 | _a"Today, online, there is too much visual noise. We live in a world driven by images, but is anyone really looking at them? How does an architect ensure their portfolio is in view of the right audience? Photographs are still as vital to architectural practice as they ever were. Creation and circulation, once in the hands of skilled professionals, is now perceived as being 'free' and within easy reach of all. But where is the clarity? What is the message? By setting up the case for curated image making, decisions around photography can be placed at the centre of architectural practice. Photography for Architects guides the reader through topics such as establishing a visual brand, sharing images online and understanding when to create content in-house and how to commission professionals together with the value that their creative service brings. It explores making books and exhibitions for legacy value, compiling award entries and engaging with trade press. Little understood aspects regarding legal rights and obligations, ethics, copyright and licensing for image use are discussed in clear language, with multiple photographic examples illustrating the various themes throughout. Written by an architectural photographer with over thirty years' experience in commercial practice, this easy-to-read, richly illustrated guide is essential reading for architects and designers alike who are working with images and image makers"--Provided by publisher. | ||
| 650 | _aArchitectural photography. | ||
| 650 | _aArchitecture and photography. | ||
| 942 |
_2lcc _cBK |
||
| 999 |
_c366640 _d366640 |
||